| 000 | 02642cam a2200337 a 4500 | ||
|---|---|---|---|
| 001 | 000014461 | ||
| 003 | DO-SdBNP | ||
| 005 | 20251031092906.0 | ||
| 007 | ta | ||
| 008 | 011127s2000 mx ab b 001 0 spa | ||
| 020 | _a968638443X (tomo15) | ||
| 040 |
_aDO-SdBNP _bspa _cBNPHU |
||
| 082 | 4 |
_a925 _bH919a _222 |
|
| 245 | 0 | 0 |
_aHumboldt y América Latina / _ccompiladores ; Leopoldo Zea, Alberto Saladino García. |
| 246 | 1 | 5 | _aBicentenario del otro descubrimiento de Alejandro de Humboldt |
| 260 |
_aMéxico : _bPrograma Universitario de Difusión de Estudios Latinoamericanos : _bInstituto Panamericano de Geografía e Historia : _bFondo de Cultura Económica, _c2000. |
||
| 300 |
_a137 p. : _bil., mapas ; _c21 cm. |
||
| 490 | 1 |
_aLatinoamérica fin de milenio _v15 |
|
| 490 | 1 | _aTierra firme | |
| 500 | _a"Analizar bajo los parametros del rigor científico la obra de Humboldt para homenajearlo por el bicentenario de su arribo a tierras americanas, fue la motivación de todas las actividades inspiradas por la Comisión Nacional, la cual apoyo la realizacion de diversos eventos como los organizados en la Universidad Autonoma del Estado de México, por medio de la Sociedad Latinoamericana de Estudios sobre América Latina y el Caribe..."--P. [5]. | ||
| 504 | _aIncluye referencias bibliográficas. | ||
| 505 | 0 | _aContexto cultural hispanoamericano durante la visita de Alejandro de Humboldt / Alberto Saladino Garcia -- La valoración de Humboldt en los homenajes mexicanos del siglo XIX / Luz Fernanda Azuela -- Humboldt y el desarrollo de la cartografía mexicana / J. Omar Moncada Maya -- El Libertador, el Sabio y el Dictador / Gustavo Vargas Martínez -- Humboldt y la botánica americana / Graciela Zamudio, Armando Butanda -- Humboldt y la minería de la Nueva España / María Teresa Sánchez Salazar, Héctor Mendoza Vargas -- | |
| 505 | 0 | _aHumboldt, el medio y la representación orgánica de la Ciudad de México / Federico Fernández Christlieb -- La imagen del indígena en el Ensayo político sobre el reino de la Nueva España / Marco Antonio Urdapilleta Munoz -- Humboldt y el noroeste de América / Virginia González Claverán -- Humboldt, maestro universal / Antonio Luna Moreno. | |
| 600 | 1 | 4 |
_aHumboldt, Alexander Von, _d1769-1859 _xViajes _zAmérica Latina _932652 |
| 651 | 0 |
_aAmérica Latina _xCivilización _ySiglo XIX _94092 |
|
| 700 | 1 |
_aZea, Leopoldo, _d1912- _93675 |
|
| 700 | 1 |
_aSaladino García, Alberto. _932653 |
|
| 710 | 2 |
_aLatin American Society of Studies on Latin America and the Caribbean. _932654 |
|
| 830 | 0 |
_aLatinoamérica fin de milenio ; _v15 _ptierra firme _919786 |
|
| 942 |
_2ddc _cLBS1 |
||
| 999 |
_c14050 _d14050 |
||